Αστική διάχυση και στεγαστικός διαχωρισμός : το παράδειγμα της Αθήνας : πτυχιακή εργασία
Αποθηκεύτηκε σε:
| Κύριος συγγραφέας: | |
|---|---|
| Συγγραφή απο Οργανισμό/Αρχή: | |
| Άλλοι συγγραφείς: | |
| Μορφή: | Thesis Βιβλίο |
| Γλώσσα: | Greek |
| Δημοσίευση: |
2014
|
| Θέματα: | |
| Διαθέσιμο Online: | http://hdl.handle.net/11610/6191 |
| Ετικέτες: |
Προσθήκη ετικέτας
Δεν υπάρχουν, Καταχωρήστε ετικέτα πρώτοι!
|
MARC
| LEADER | 00000cam a2200000 i 4500 | ||
|---|---|---|---|
| 001 | 1/67459 | ||
| 008 | 150219s2014 gre d | ||
| 035 | |l 10121170 | ||
| 040 | |a GR-MY-UA |b gre |e aacr | ||
| 041 | 0 | |a gre | |
| 082 | 0 | |a 711.4 |2 (22) | |
| 100 | 1 | |a Συργουνιώτης, Κωνσταντίνος-Ηλίας. | |
| 245 | 1 | 0 | |a Αστική διάχυση και στεγαστικός διαχωρισμός : |b το παράδειγμα της Αθήνας : πτυχιακή εργασία / |c Συργουνιώτης Κωνσταντίνος-Ηλίας ; επιβλέπων καθηγητής: Χωριανόπουλος Ιωάννης |
| 260 | |c 2014 | ||
| 300 | |a 73 σ.; |b εικ.; |c 30 εκ. | ||
| 502 | |a Πτυχιακή εργασία – Πανεπιστήμιο Αιγαίου, Λέσβος, 2014. | ||
| 504 | |a Βιβλιογραφία: σ. 63-65, παράρτημα | ||
| 650 | 0 | 0 | |a City planning |z Greece |z Athens. |
| 650 | 0 | 0 | |a Housing |z Greece |z Athens. |
| 650 | 0 | |a Urbanization |z Greece |z Athens. | |
| 650 | 0 | 0 | |a Dissertations, Academic |z Greece. |
| 700 | 1 | |a Χωριανόπουλος, Ιωάννης. |4 ths | |
| 710 | 2 | |a Πανεπιστήμιο Αιγαίου. |b Σχολή Κοινωνικών Επιστημών. |b Τμήμα Γεωγραφίας. | |
| 852 | |a INST |b LESVOS |c DIATR |e 20150219 |h 859 |p 005100055998 |q 005100055998 |t DIE |y 23 | ||
| 852 | |a INST |b LESVOS |c DIATR |e 20150219 |h 860 |p 005100055997 |q 005100055997 |t DIE |y 23 | ||
| 856 | |u http://hdl.handle.net/11610/6191 | ||
| 901 | |a BIBL1-2015-1 | ||
| 909 | |a Λ |b 192833 | ||
| 909 | |a Λ |b 192834 | ||
| 924 | |a ΣΥΡΓΟΥΝΙΩΤΗΣ |b ΚΩΝ/ΝΟΣ |y ΛΕΣΒΟΣ |z 2014-11 | ||
| 970 | |a ΤΖΑΦΕΡΗ |b ΕΥΑΓΓΕΛΙΑ |z 2015/02/19 | ||